Statystyki dla Państwa w OPEC

Kliknij tutaj aby rozwiązać quiz!

Ogólne statystyki

  • Ten quiz został rozwiązany 1,299 razy
  • Średni wynik to 7 z 14

Statystyki odpowiedzi

Lata Kraj % poprawnych
1960-Arabia Saudyjska
94%
1960-Iran
87%
1960-Irak
86%
1967-Zjednoczone Emiraty Arabskie
85%
1960-Kuwejt
75%
1962-Libia
47%
1960-Wenezuela
43%
1969-Algieria
42%
1971-Nigeria
35%
2018-Kongo
24%
2007-Angola
21%
1975-1995, 2016-Gabon
18%
1973-1992, 2007-Ekwador
16%
2017-Gwinea Równikowa
11%

Rozkład punktacji

Percentyl według liczby udzielonych odpowiedzi

Procent ludzi z każdym wynikiem

Twoja historia wyników

Nie rozwiązałeś tego quizu